Werbesolgans - Statistiken

Allgemein
  • Dieses Quiz wurde 1.057 mal gespielt
  • Das Durchschnittsergebnis liegt bei 5 aus 15
Antwortstatistiken
Slogan Marke % Korrekt
Have a break, have a ... Kit Kat
75%
wenn's gut werden muss Bauhaus
64%
bei technikfragen tech nick fragen Saturn
62%
Eine Perle der Natur. Krombacher
58%
vorsprung durch technik Audi
53%
Freude am Fahren BMW
53%
Wie, wo, was, weiß... Obi
43%
3..2..1 Meins Ebay
35%
Excellence. Simply delivered. DHL
26%
Don't call it Schnitzel! Tillman's Toasty
21%
Impossible is nothing Adidas
10%
Bin ich schon drin? AOL
10%
Das Schwarze mit der blonden Seele Köstritzer Schwarzbier
9%
Da bin ich mir sicher HUK Coburg
3%
ideas for live Panasonic
1%
Keine übereinstimmenden Quizze gefunden
Verteilung der Resultate
Anzahl Personen mit jedem Resultat
Perzentil nach korrekt beantworteten Fragen
Ihre Resultats-Entwicklung
Sie haben dieses Quiz noch nicht gespielt